000 01508nam a2200301Ia 4500
999 _c53697
_d53697
001 20745
003 GE_BSU
005 20210322135657.0
008 181216s2015||||ge |||||||||||||| ||geo||
020 _a9789941079900
040 _cGE_BSU
041 _ageo
080 _a321.64(479.22)(093)+94(479.22) ი-93
100 _aიუნგე, მარკ.
_910599
245 _aბოლშევიკური წესრიგი საქართველოში :
_b1ტ. დიდი ტერორი კავკასიის პატარა რესპუბლიკაში /
_cმარკ იუნგე, ომარ თუშურაშვილი, ბერნდ ბონვეჩი.
264 _aთბილისი :
_b[?],
_c2015.
300 _a290 გვ. ;
_c27 სმ.
501 _aცხრილების ნუმერაც. გვ. : 272-275
504 _a ბიბლიოგრაფია გვ. : 276-288
541 _h10 ლ.
653 _aბოლშევიკური წესრიგი საქართველოში
653 _aდიდი ტერორი კავკასიის პატარა რესპუბლიკაში
653 _aისტორია
653 _aპოლიტიკა
700 _aთუშურაშვილი, ომარ
_eავტორი
_910600
700 _aბონვეჩი, ბერნდ
_eავტორი
_94431
942 _cBK
_2udc